000 00407nam a2200169Ia 4500
005 20240813044324.0
008 240331s9999 xx 000 0 und d
020 _a
082 _bSTO
_a407
100 _aStoddart,J
245 4 _aThe practical teaching of English in schools
260 _aMadras
_bOrient Longman Ltd
300 _aix, 200 p .,
650 _aPractical
650 _aEnglish
942 _cL
999 _c3036
_d3036